| 000 | 00651nam a22001937a 4500 | ||
|---|---|---|---|
| 003 | OSt | ||
| 005 | 20260310065238.0 | ||
| 008 | 260310b |||||||| |||| 00| 0 eng d | ||
| 020 | _a 971-584-439-1 | ||
| 040 |
_aDWC-Main lib _cOC |
||
| 082 | _aFil. 420.7 En57 2006 | ||
| 100 | _aYanilla-Aquino, Lalaine Et. al | ||
| 245 |
_aEncounters : _bmastering English through content/ _cLalaine Yanilla_Aquino Et. al |
||
| 260 |
_aQuezon City : _bC & E Publishing, Inc., _cc2006. |
||
| 300 |
_aviii, 359 p. ; _c26 cm. |
||
| 650 | _a1. English as a second language | ||
| 650 | _a2. English language-Study and teaching | ||
| 942 |
_2ddc _cBK - FIL _kFil. _n0 |
||
| 999 |
_c8873 _d8873 |
||